[Event "Egypt op"]
[Site "Egypt"]
[Date "2009.07.29"]
[Round "9"]
[White "Abdel Rahman, Alla"]
[Black "Ereba, Amr"]
[Result "1-0"]
[WhiteElo "2189"]
[BlackElo "2005"]
[PlyCount "91"]
[EventDate "2009.07.20"]
[EventType "swiss"]
[EventRounds "9"]
[EventCountry "EGY"]
[SourceTitle "EXT 2011"]
[Source "ChessBase"]
[SourceDate "2010.11.26"]
[SourceVersion "1"]
[SourceVersionDate "2010.11.26"]
[SourceQuality "1"]

1. Nf3 Nf6 2. c4 g6 3. b4 Bg7 4. Bb2 0-0 5. g3 d5 6. Bg2 c6 7. 0-0 Na6 8. b5 Nc5 9. Qc2 Bf5 10. d3 Rc8 11. bxc6 bxc6 12. Nd4 Bd7 13. Nf3 Qa5 14. Nbd2 Na4 15. Be5 Ng4 16. Bxg7 Kxg7 17. Rab1 Rb8 18. Rb3 Rb6 19. Ra3 Rb4 20. e3 Rfb8 21. Rc1 e6 22. Nb3 Qb6 23. c5 Qa6 24. h3 Nh6 25. Ne5 Be8 26. Bf1 f6 27. d4 Qc8 28. Nf3 Qc7 29. Bd3 Nf7 30. Ne1 e5 31. Qd2 e4 32. Be2 Bd7 33. Nc2 Rxb3 34. axb3 Nb2 35. Ne1 Nd3 36. Bxd3 exd3 37. Rca1 Bxh3 38. Rxa7 Rb7 39. Rxb7 Qxb7 40. Qxd3 Ng5 41. f3 Qc7 42. Kf2 h5 43. Qa6 Kh6 44. Qa7 Qc8 45. Qa8 Qe6 46. Qh8+ 1-0